Регионална библиотека "Любен Каравелов" - Русе

Писатели, артисти, затвори (Запис номер 126583)

MARC детайли
000 -Лидер
Контролно поле с фиксирана дължина nam a22 a 4500
003 - Код на организацията, давaща контролен номер
Контролно поле BLK
005 - Дата и час на последна редакция
Контролно поле 20230323133533.0
008 - Елементи от данни с фиксирана дължина
fixed length control field 180409b bul|||||r ||||||| ||bul||
010 ## - Наследен системен номер
LC control number KNG00132271000
040 ## - Източник на каталожния запис
Идентификатор на билиотеката - собственик на записа BLK
041 ## - Код за език
Код за езика на текст/звукозапис или на отделно заглавие Български
Код за езика КДБФ Български
080 ## - УДК
Текстов определител УДК Вътрешна политика. Вж и 329
УДК код - определител по УДК 323
УДК определител (439)(093.3)
УДК - код + определител 323(439)(093.3)
080 ## - УДК
Текстов определител УДК История на Унгария. Вж и 943.6
УДК код - определител по УДК 943.9
УДК определител (093.3)
УДК - код + определител 943.9(093.3)
100 1# - Редна дума - Автор
Автор Берта, Булчу
Авторска отговорност първи автор
R(LIN) 377668
139 ## - Редно поле
Редна дума Берта, Булчу
Авторски знак Беро - Б 40
245 10 - Сведения за заглавието
Заглавие Писатели, артисти, затвори
Подзаглавни данни Сб. интервюта
Редно поле (дума) Булчу Берта; прев. от унг. Мирелла Йорданова.
257 ## - Страна на издаване
Страна на създаване/издаване Унгария
260 ## - Област на издателските данни
Място на издаване, разпространение и проч. София
Име на издателя, разпространителя и проч. Унив. изд. Св. Климент Охридски
Година на издаване 1992
300 ## - Физическа характеристика
Страници 124 с.
Размери/Мащаб 20 см
380 ## - Жанр
Жанр Обществени науки
500 ## - Общи забележки
Забележка Без сведение за ориг. загл. - 565 тир. - Участието на унг. интелигенция в нар. въстание, 1956 г.
650 #4 - Допълнително описание по предмет – тема
Основно описание – тема или топоним Унгария - вътрешна политика
9 (RLIN) 320192
650 #4 - Допълнително описание по предмет – тема
Основно описание – тема или топоним Унгария - история
9 (RLIN) 275670
651 #4 - Допълнително описание по предмет - топоним
Географско понятие Унгария
9 (RLIN) 268181
653 ## - Ключова дума – ненормативна
Ключова дума вътрешна политика
653 ## - Ключова дума – ненормативна
Ключова дума интервюта
653 ## - Ключова дума – ненормативна
Ключова дума история
700 1# - Други автори (авторска отговорност)
Лично име Йорданова, Мирелла
Автороска отговорност (Описва отношението между автора и произведението) прев. от унг.
9 (RLIN) 320191
852 ## - Местоположение
Форматна сигнатура Цб 171072
Фондова буква Хранилище
856 4# - Електронен адрес и достъп
Електронен формат pdf - файл
Инструкция (цена за достъп) 0.00
Права за достъп disable
856 4# - Електронен адрес и достъп
Електронен формат pdf - файл
Инструкция (цена за достъп) 0.00
Права за достъп disable
999 ## - СИСТЕМНИ КОНТРОЛНИ НОМЕРА
Koha biblionumber 126583
Koha biblioitemnumber 126583
942 ## - АРТИКУЛИ
Вид на библиотечния материал Книги
Скрит в OPAC Не
Периодичен библиозапис Да
944 ## - СЪЗДАВАНЕ И РЕДАКЦИЯ на ЗАПИСА
Създаване/Редакция Създаване
Дата на регистрацията/редакция 19.07.2012
Статус, дата на статуса 19.07.2012 - от С1,Р / 19.07.2012
Служител, извършил регистрацията/редакцията Наталия_Медовщикова
944 ## - СЪЗДАВАНЕ И РЕДАКЦИЯ на ЗАПИСА
Създаване/Редакция Редакция
Дата на регистрацията/редакция 19.07.2012
Статус, дата на статуса 19.07.2012 - от С1,Р / 19.07.2012
999 ## - СИСТЕМНИ КОНТРОЛНИ НОМЕРА
Koha biblioitemnumber 126583
Наличности
Код за отписване Код за изгубен артикул Източник на класификационната схема Код за повреда Коз за рестрикции Код за отдаване Артикулен № Име на библиотеката - собственик Име на библиотеката, в която се намира в момента Статус (Текущо местоположение) Дата на вписване в системата Местоположение - отдел Цена в лева Инвентарен номер Систематично азбучна сигнатура Баркод Номер на екземпляра Цена в евро Служебна бележка Служебен тип на артикула
  Не е изгубен Universal Decimal Classification Не е повреден без рестрикции ползва се в читалня 205891 Регионална библиотека "Любен Каравелов" Русе Регионална библиотека "Любен Каравелов" Русе Хранилище 1992-01-01 Хранилище 20.95 575339 Цб 171072 120000575339 1 10.71 N: стар фонд Дата: 01.01.1992 Книги
Изтеглен Не е изгубен Universal Decimal Classification Не е повреден без рестрикции заемане за дома 205892 Регионална библиотека "Любен Каравелов" Русе Регионална библиотека "Любен Каравелов" Русе Заемна - подръчен фонд 1992-01-01 Заемна - подръчен фонд 20.95 578551 П 323(4)/Б 40 578551 2 10.71 N: стар фонд Дата: 01.01.1992 Дата инв: 21.03.2018 Бележки инв: П2018 Книги
Vip Innovations Ltd, Rousse, Bulgaria 2025